• 首页
  • 本馆介绍
  • 公告通知
  • 最新文献
  • 馆藏检索
  • 电子资源
  • 读者导购
  • 参考咨询
  • 我的图书馆
  • 登录
  • 详细信息显示
  • 放入我的书架
  • 预约/预借图书
  • 作者相关作品
  • 分类相关作品
  • 丛书相关作品
  • 出版社相关作品

书目信息

  • 表格格式
  • 工作单格式
  • 卡片格式
题名:
环境中有毒有害物质与分析检测
    
 
作者: 毛跟年 编著
分册:  
出版信息: 北京   化学工业出版社  2004
页数: 419页
开本: 26cm
丛书名:
单 册:
中图分类: X502
科图分类:
主题词: 有毒物质--检测 , 有害物质--检测 , 有毒物质 , 有害物质
电子资源:
ISBN: 7-5025-4902-1
000 00901nam0 2200265 450
001 002573163
005 20080303094051.12
010    @a7-5025-4902-1@dCNY66.00
100    @a20040206d2004 em y0chiy0110 ea
101 0  @achi
102    @aCN@b110000
105    @ay z 000yy
106    @ar
200 1  @a环境中有毒有害物质与分析检测@Ahuan jing zhong you du you hai wu zhi yu fen xi jian ce@f毛跟年等编著
210    @a北京@c化学工业出版社@d2004
215    @a419页@d26cm
330    @a本书共分十四章。介绍了环境中有毒有害物质的种类和来源、体内过程、对生物体的危害、毒理学试验方法等;阐述了有毒有害气体、易挥发性物质、化学元素等对人体健康的危害及其检测方法等内容。
606 0  @a有毒物质@x检测
606 0  @a有害物质@x检测
606 0  @a有毒物质
606 0  @a有害物质
690    @aX502@v4
701  0 @a毛跟年@Amao gen nian@c(食品卫生)@4编著
801  0 @aCN@bNLC@c20080303
905    @dX502@e92@f4
    
    环境中有毒有害物质与分析检测/毛跟年等编著.-北京:化学工业出版社,2004
    419页;26cm
    
    
    ISBN 7-5025-4902-1:CNY66.00
    本书共分十四章。介绍了环境中有毒有害物质的种类和来源、体内过程、对生物体的危害、毒理学试验方法等;阐述了有毒有害气体、易挥发性物质、化学元素等对人体健康的危害及其检测方法等内容。
●
相关链接 在E读中查询图书 在五车中查询图书 在当当中查询图书 在豆瓣中查询图书


正题名:环境中有毒有害物质与分析检测     索取号:X502/92         预约/预借

序号 登录号 条形码 馆藏地/架位号 状态 备注
1 0614723   206147230   第二样本阅览室/ [索取号:X502/92] 在馆    
2 0614724   206147249   第三借阅区/ [索取号:X502/92] 在馆    
3 0614725   206147258   第三借阅区/ [索取号:X502/92] 在馆    
4 0614726   206147267   第三借阅区/ [索取号:X502/92] 在馆    
唐山师范学院图书馆 欢迎您!
大连网信软件有限公司© 版权所有